Statistics for Generator Dash #31

Click here to take the quiz!

General Stats

  • This quiz has been taken 83 times
  • The average score is 5 of 11

Answer Stats

HintAnswer% Correct
Friends character (6)Rachel
78%
Windpipe (7)Trachea
72%
Bed in a nursery (6)Cradle
69%
Alpine home (6)Chalet
68%
Pinball palace (6)Arcade
58%
Door fastener (5)Latch
57%
_____ Rapids, Iowa (5)Cedar
52%
9-Letter WordCATHEDRAL
28%
Obvious sham (7)Charade
28%
Irish county (5)Clare
22%
Greek region (6)Thrace
6%

Score Distribution

Percentile by Number Answered

Percent of People with Each Score

Your Score History

You have not taken this quiz